00386nam a2200133Ia 4500008004100000020001800041082001600059100001600075245003500091260002800126300001000154500001900164650006900183120629s9999 xx 000 0 und d a0-262-13354-7 a005.1 M184d aMaeda, John aDesing by numbers / Jhon Maeda aLondres : The MIT Press a256 p aBibliografía a1. PROGRAMACION POR COMPUTADORA \ 2. GRAFICAS POR COMPUTADORAÌ